000 00581nam a2200205Ii 4500
003 JO-AjNU
008 230606s9999||||xx |||||||||||||| ||und||
020 _a978-0-19-96759
040 _aJO-AjNU
_beng
_erda
_cJO-AjNU
041 _aeng
050 1 4 _aQA614.86.F352.2013
100 3 _aFalconer,Kenneth,
_eauthor
_94495
245 0 0 _afractals: A Very short introducation
264 3 1 _aOXFORD,2013
300 _a112p
336 _atext
_btxt
_2rdacontent
337 _aunmediated
_bn
_2rdamedia
338 _avolume
_bnc
_2rdacarrier
650 4 _aStatisticsĀ -probabilities
_94496
999 _aE2333
_c2331
_d2331